=LDR 00000nam 2200000 4500 =001 INLIS000000000008951 =005 20130612100758 =008 ***********************************Ind** =035 ##$$0010-061300000008951 =041 ##$$a Ind =082 ##$$a 657 =090 ##$$a 657, Sumi a =100 ##$$a Sumith, Jay m =245 ##$$a AkuntansiIntermediate, Jay M.Sumith, K.Fred Skousen =260 ##$$a 1997 $b Jakarta =300 ##$$a 633 hlm, 25 cm =650 ##$$a Akuntansi =700 ##$$a Skousen, K.Fred =850 ##$$a NBPNMAT